Great peacemakers: (Record no. 294990)
[ view plain ]
| 000 -LEADER | |
|---|---|
| fixed length control field | 00958nam a22002177a 4500 |
| 003 - CONTROL NUMBER IDENTIFIER | |
| control field | SISC |
| 005 - DATE AND TIME OF LATEST TRANSACTION | |
| control field | 20160601150945.0 |
| 008 - FIXED-LENGTH DATA ELEMENTS--GENERAL INFORMATION | |
| fixed length control field | 160525b xxu||||| |||| 00| 0 eng d |
| 020 ## - INTERNATIONAL STANDARD BOOK NUMBER | |
| International Standard Book Number | 9780980138207 |
| 050 ## - LIBRARY OF CONGRESS CALL NUMBER | |
| Classification number | JX 1962. A2 |
| Item number | B442 2008 |
| 100 ## - MAIN ENTRY--PERSONAL NAME | |
| Personal name | Beller, Ken |
| 245 ## - TITLE STATEMENT | |
| Title | Great peacemakers: |
| Remainder of title | true stories from around the world / |
| 260 ## - PUBLICATION, DISTRIBUTION, ETC. (IMPRINT) | |
| Place of publication, distribution, etc | Sedona, Ariz. : |
| Name of publisher, distributor, etc | LTS Press, |
| Date of publication, distribution, etc | c2008 |
| 300 ## - PHYSICAL DESCRIPTION | |
| Extent | xii, 195 p. : |
| Other physical details | ill., |
| Dimensions | 24 cm. |
| 520 ## - SUMMARY, ETC. | |
| Summary, etc | Profiles twenty people who have promoted peace in their lives from a Vietnamese monk to a Brazilian musician. Explores five approaches to peacemaking: choosing nonviolence, living peace, honoring diversity, valuing all life, and caring for the planet. |
| 650 ## - SUBJECT ADDED ENTRY--TOPICAL TERM | |
| Topical term or geographic name as entry element | Pacifists--Biography--Juvenile literature |
| 650 ## - SUBJECT ADDED ENTRY--TOPICAL TERM | |
| Topical term or geographic name as entry element | Civil rights of workers--Biography--Juvenile literature |
| 650 ## - SUBJECT ADDED ENTRY--TOPICAL TERM | |
| Topical term or geographic name as entry element | Animal rights activists--Biography--Juvenile literature |
| 700 ## - ADDED ENTRY--PERSONAL NAME | |
| Personal name | Chase, Heather |
| 942 ## - ADDED ENTRY ELEMENTS (KOHA) | |
| Source of classification or shelving scheme | Library of Congress Classification |
| Koha item type | Books |
| Withdrawn status | Lost status | Source of classification or shelving scheme | Damaged status | Home library | Current library | Shelving location | Date acquired | Source of acquisition | Total Checkouts | Full call number | Barcode | Date last seen | Price effective from | Koha item type |
|---|---|---|---|---|---|---|---|---|---|---|---|---|---|---|
| Library of Congress Classification | Luxembourg Library | Luxembourg Library | Reference Section | 05/25/2016 | Library Fund | JX 1962. A2 B442 2008 | 20167 | 05/25/2016 | 05/25/2016 | Books |